Barterový obchod

Podrobná bibliografia
Hlavný autor: Tóthová, Eva (Autor)
Médium: Článok
Jazyk:slovenčina
Fyzický popis:Grafy, sch., tab.
ISSN:1336-4103
Predmet:

MARC

LEADER 00000nab a2200000 a 4500
001 vtls008950229
003 SK-MaSNL
005 20260304143539.0
008 250505c2007 xo fr|p|||||||000 b|slo
015 |a SNBRB2007/02  |2 snkbucl 
035 |a (uuid)40a4b5e1-0ac4-4eb1-bf4e-770638bb7471 
035 |a urn:nbn:sk:snk-abady2 
035 |a (urnnbn)urn:nbn:sk:snk:ar-a0adw0 
038 |a SNKBUCL 
040 |a SNKBUCL  |b slo  |c SNKBUCL  |e AACR2 
041 0 |a slo  |b eng  |b slo 
044 |a xo  |c SK 
080 |a 339.162.2  |2 2001 
080 |a 658.69  |2 2001 
100 1 |a Tóthová, Eva  |4 aut  |9 462734 
245 1 0 |a Barterový obchod  |c Eva Tóthová 
246 3 1 |a Barter business 
300 |b Grafy, sch., tab. 
500 |a Biogr. údaje o autorovi 
504 |a Bibliogr. odkazy 
546 |a Súbežný názov angl. ; res. angl., slov. 
650 0 7 |a výmenný obchod  |2 snkbucl  |9 1050245 
773 0 |t Ekonomika a manažment podniku = Economics and Business Management  |g Roč. 4, č. 1 (2006), s. 84-95  |x 1336-4103 
850 |a Slovenská národná knižnica 
852 |a Slovenská národná knižnica 
954 |a odborná, vedecká literatúra pôvodná (slovenská)  |2 lita 
958 |a article14 
958 |a OND 
958 |a NB 
958 |a BX 
958 |a EUIPO 
999 |c 2926023  |d 2927953